000 00552nam a22001811a 4500
001 6987
003 OSt
005 20260204212111.0
008 060926s2005||||ck ||||||b||||||||||spa||
020 _a958048483x
050 _a658.4 D357l
100 _aCharles, Decker
245 _aLecciones desde la colmena: Cómo sobrevivir y prosperar en un ambiente laboral cambiante / Decker Charles
264 _aColombia : Norma
300 _a144 p
650 _a1.Administración Ejecutiva 2.Administración de Personal 3.Negocio (Cuento)Ì
942 _2ddc
_cBK
999 _c6987
_d6987